How to give away your faith / (Record no. 493)
[ view plain ]
| 000 -LEADER | |
|---|---|
| fixed length control field | 01115cam a2200277 a 4500 |
| 001 - CONTROL NUMBER | |
| control field | 140437 |
| 003 - CONTROL NUMBER IDENTIFIER | |
| control field | GBCCL |
| 005 - DATE AND TIME OF LATEST TRANSACTION | |
| control field | 20241126110339.0 |
| 008 - FIXED-LENGTH DATA ELEMENTS--GENERAL INFORMATION | |
| fixed length control field | 071129s2008 ilu b 000 0 eng |
| 010 ## - | |
| -- | 2007048981 |
| 035 ## - SYSTEM CONTROL NUMBER | |
| System control number | (OCoLC)ocn183879512 |
| 035 ## - SYSTEM CONTROL NUMBER | |
| System control number | (OCoLC)183879512 |
| Canceled/invalid control number | (OCoLC)182738310 |
| 040 ## - CATALOGING SOURCE | |
| Original cataloging agency | DLC |
| Transcribing agency | DLC |
| Modifying agency | YDX |
| -- | BAKER |
| -- | YDXCP |
| -- | OCO |
| -- | BTCTA |
| -- | LBB |
| 049 ## - | |
| -- | LBBK |
| 050 00 - | |
| -- | BV4520 |
| -- | .L5 2008 |
| 082 00 - DEWEY DECIMAL CLASSIFICATION NUMBER | |
| Classification number | 248.5 |
| Edition information | 22 |
| Item number | LIT |
| 090 ## - LOCALLY ASSIGNED LC-TYPE CALL NUMBER (OCLC); LOCAL CALL NUMBER (RLIN) | |
| Classification number (OCLC) (R) ; Classification number, CALL (RLIN) (NR) | BV4520 |
| Local cutter number (OCLC) ; Book number/undivided call number, CALL (RLIN) | .L5 2008 |
| 100 1# - MAIN ENTRY--PERSONAL NAME | |
| Personal name | Little, Paul E. |
| 245 10 - TITLE STATEMENT | |
| Title | How to give away your faith / |
| Statement of responsibility, etc. | Paul Little ; forewords by James F. Nyquist and Leighton Ford. |
| 260 ## - PUBLICATION, DISTRIBUTION, ETC. | |
| Place of publication, distribution, etc. | Downers Grove, Ill. : |
| Name of publisher, distributor, etc. | InterVarsity Press, |
| Date of publication, distribution, etc. | c1966. |
| 300 ## - PHYSICAL DESCRIPTION | |
| Extent | 131 p. ; |
| Dimensions | 21 cm. |
| 504 ## - BIBLIOGRAPHY, ETC. NOTE | |
| Bibliography, etc. note | Includes bibliographical references (p. [201]-202). |
| 505 0# - FORMATTED CONTENTS NOTE | |
| Formatted contents note | The essential foundation -- The effective ambassador -- How to witness -- Hurdling social barriers -- What is our message? -- Why we believe -- Christ is relevant today -- Worldliness : external or internal? -- Living by faith -- Feeding the spring. |
| 650 #0 - SUBJECT ADDED ENTRY--TOPICAL TERM | |
| Topical term or geographic name entry element | Witness bearing (Christianity) |
| 942 ## - ADDED ENTRY ELEMENTS (KOHA) | |
| Source of classification or shelving scheme | Dewey Decimal Classification |
| Koha item type | Books |
| Koha issues (borrowed), all copies | 2 |
| Withdrawn status | Lost status | Source of classification or shelving scheme | Damaged status | Not for loan | Home library | Current Library | Shelving location | Date acquired | Total checkouts | Full call number | Barcode | Date last seen | Date last checked out | Copy number | Price effective from | Koha item type |
|---|---|---|---|---|---|---|---|---|---|---|---|---|---|---|---|---|
| Dewey Decimal Classification | GRACE BIBLE COLLEGE | GRACE BIBLE COLLEGE | Ministry & Mission | 2016-11-04 | 2 | 248.5 LIT | 001916 | 2025-05-01 | 2021-04-19 | c.1 | 2016-11-04 | Books | ||||
| Dewey Decimal Classification | GRACE BIBLE COLLEGE | GRACE BIBLE COLLEGE | Ministry & Mission | 2018-01-29 | 248.5 LIT | 001917 | 2025-05-01 | c.2 | 2018-01-29 | Books | ||||||
| Dewey Decimal Classification | GRACE BIBLE COLLEGE | GRACE BIBLE COLLEGE | Ministry & Mission | 2018-02-02 | 248.5 LIT | 001918 | 2025-05-01 | c.3 | 2018-02-02 | Books | ||||||
| Dewey Decimal Classification | GRACE BIBLE COLLEGE | GRACE BIBLE COLLEGE | Ministry & Mission | 2018-02-26 | 248.5 LIT | 001924 | 2025-05-01 | c.4 | 2018-02-26 | Books |